01766nam a2200313 i 4500001001000000003000900010005001700019007000300036008003700039040003000076041000800106082003200114100005100146245020500197264008500402300002200487336002700509337003300536338002800569490002200597500008300619500003200702505046300734650005601197650004701253650004901300700002901349710007401378000009164DO-SdBPM20250623104259.0ta090928s1986 dr 001 0 spa d aDO-SdBPMbspacBPMSUerda hspa 4aRD861.4409bB142p, 19862221 aBaeza Flores, Alberto,d1914-1998eautor4aut.13aLa poesía dominicana en el siglo XX :bhistoria, crítica, estudio comparativo y estilístico /cAlberto Baeza Flores ; prólogo, Héctor Inchaustegui Cabral, introducción, Cándido Gerón. 4aSanto Domingo :bBiblioteca Nacional Pedro Henríquez Ureña (BNPHU),c©1986. avolumen ;c22 cm. atextobtxt2rdacontent asin mediaciónbn2rdamedia avolumenbnc2rdacarrier0 aColección Orfeo a"La Universidad Madre y Maestra publicó los dos primeros tomos de esta obra" aIncluye índice de autores0 gv.3.aDe la poesía sorprendida a entre las soledades, expresiones plurales de lo dominicano, análisis antológico del medio siglo, la isla necesaria, el libro vulnerado y los poetas de 1948 (1947-1961) -- v.4 Brigadas dominicanas, baluarte, testimonio, poesía patriótica, social y revolucionaria, los poetas de 1965, el pluralismo y las nuevas vanguardias, los poetas en provincias, consideraciones finales, apéndices y bibliografías (1961-1980) 7aPoesía dominicanaxHistoria y críticaySiglo XX 7aPoesía patriótica dominicanaySiglo XX 7aPoesía revolucionaria dominicanaySiglo XX1 aGerón, Candido,d1948-2 aRepública DominicanabBiblioteca Nacional Pedro Henríquez Ureña